| 000 | 00561nam a2200181Ia 4500 | ||
|---|---|---|---|
| 003 | SGT | ||
| 020 | _a9788120321946 | ||
| 082 |
_a621.3 _bPAI |
||
| 100 | _aPaithankar,Y.G | ||
| 245 | _aFundamentals of power system protection | ||
| 250 | _a1st & 2nd Ed. | ||
| 260 |
_bPHI Learning Private Limited _aNew Delhi _c2008 |
||
| 300 | _a287p. | ||
| 650 | _aENGINEERING ELECTRONICS | ||
| 653 | _aINTRODUCTION,OVER-CURRENT PROTECTION OF TRANSMISSION LINES,DIFFERENTIAL PROTECTION,TRANSFORMER PROTECTION,BUS BAR PROTECTION | ||
| 700 | _aBhide,S.R | ||
| 942 |
_2ddc _cBK _01 |
||
| 999 |
_c5010 _d5010 |
||